=LDR 00000nam 2200000 4500 =001 INLIS000000000030275 =005 20130612132431 =008 ***********************************Ind** =035 ##$$0010-061300000030275 =041 ##$$a Ind =082 ##$$a 345.020 72 =090 ##$$a 345.020 72, Kus p =100 ##$$a Kusnadi, Ady =245 ##$$a Penelitian aspek hukum sistem pemerintahan Indonesia pasca amandemen UUD 1945, Ady Kusmnadi, SH =260 ##$$a 2004 $b Jakarta =300 ##$$a xii, 125 hlm, 21 cm =650 ##$$a Undang-Undang Dasar 45 =850 ##$$a NBPNMAT